=LDR 00000nam 2200000 4500 =001 INLIS000000000041855 =005 20130612151348 =008 ***********************************Ind** =035 ##$$0010-061300000041855 =041 ##$$a Ind =082 ##$$a 371.206 =090 ##$$a 371, Nan c =100 ##$$a Nanang Fattah =245 ##$$a Ekonomi =260 ##$$a 2004 $b Bandung =300 ##$$a viii, 164 hlm., 24 cm =650 ##$$a Pendidikan Biaya =850 ##$$a NBPNMAT